ORGANIC PHARMACEUTICAL CHEMISTRY (Record no. 9612)
[ view plain ]
| 000 -LEADER | |
|---|---|
| fixed length control field | 00365nam a22001577a 4500 |
| 003 - CONTROL NUMBER IDENTIFIER | |
| control field | SGT |
| 020 ## - INTERNATIONAL STANDARD BOOK NUMBER | |
| International Standard Book Number | 978-93-85529-03-0 |
| 082 ## - DEWEY DECIMAL CLASSIFICATION NUMBER | |
| Classification number | 615.190 |
| Item number | O16S |
| 100 ## - MAIN ENTRY--PERSONAL NAME | |
| Personal name | SINGH, HARKISHAN & KAPOOR, V.K |
| 245 ## - TITLE STATEMENT | |
| Title | ORGANIC PHARMACEUTICAL CHEMISTRY |
| 250 ## - EDITION STATEMENT | |
| Edition statement | 6TH |
| 260 ## - PUBLICATION, DISTRIBUTION, ETC. (IMPRINT) | |
| Place of publication, distribution, etc | DELHI |
| Name of publisher, distributor, etc | VALLABH . PUB |
| Year of Publication | 2016 |
| 300 ## - PAGE DESCRIPTION | |
| No. of Pages | 504 |
| 650 ## - SUBJECT ADDED ENTRY--TOPICAL TERM | |
| Topical term or geographic name as entry element | CHEMISTRY |
| 942 ## - ADDED ENTRY ELEMENTS (KOHA) | |
| Source of classification or shelving scheme | Dewey Decimal Classification |
| Koha item type | Books |
| 942 ## - ADDED ENTRY ELEMENTS (KOHA) | |
| -- | 2 |
| Withdrawn status | Lost status | Source of classification or shelving scheme | Damaged status | Not for loan | Collection code | Home library | Current library | Shelving location | Date acquired | Vendor Name | Cost, normal purchase price | SGTU | Bill Number | Total Checkouts | Full call number | Accession No. (Barcode) | Date last seen | Date last borrowed | Bill Date | Koha item type |
|---|---|---|---|---|---|---|---|---|---|---|---|---|---|---|---|---|---|---|---|---|
| Dewey Decimal Classification | PHARMACY | SGT FA-FP Library | SGT FA-FP Library | Text Book | 23/07/2016 | UNIVERSAL BOOK | 300.00 | SGTU | 156 | 12 | 615.190 O16S | FP1886 | 22/12/2021 | 22/12/2021 | 15/07/2016 | Books | ||||
| Dewey Decimal Classification | PHARMACY | SGT FA-FP Library | SGT FA-FP Library | Text Book | 23/07/2016 | UNIVERSAL BOOK | 300.00 | SGTU | 156 | 5 | 615.190 O16S | FP1887 | 16/09/2019 | 04/09/2019 | 15/07/2016 | Books | ||||
| Dewey Decimal Classification | PHARMACY | SGT FA-FP Library | SGT FA-FP Library | Text Book | 23/07/2016 | UNIVERSAL BOOK | 300.00 | SGTU | 156 | 9 | 615.190 O16S | FP1888 | 08/06/2018 | 06/06/2018 | 15/07/2016 | Books | ||||
| Dewey Decimal Classification | PHARMACY | SGT FA-FP Library | SGT FA-FP Library | Text Book | 23/07/2016 | UNIVERSAL BOOK | 300.00 | SGTU | 156 | 9 | 615.190 O16S | FP1889 | 14/01/2023 | 04/01/2023 | 15/07/2016 | Books | ||||
| Dewey Decimal Classification | PHARMACY | SGT FA-FP Library | SGT FA-FP Library | Text Book | 23/07/2016 | UNIVERSAL BOOK | 300.00 | SGTU | 156 | 6 | 615.190 O16S | FP1890 | 19/02/2018 | 17/02/2018 | 15/07/2016 | Books | ||||
| Dewey Decimal Classification | PHARMACY | SGT FA-FP Library | SGT FA-FP Library | Text Book | 23/07/2016 | UNIVERSAL BOOK | 300.00 | SGTU | 156 | 6 | 615.190 O16S | FP1891 | 19/02/2018 | 17/02/2018 | 15/07/2016 | Books | ||||
| Dewey Decimal Classification | PHARMACY | SGT FA-FP Library | SGT FA-FP Library | Text Book | 23/07/2016 | UNIVERSAL BOOK | 300.00 | SGTU | 156 | 4 | 615.190 O16S | FP1892 | 15/11/2017 | 10/11/2017 | 15/07/2016 | Books | ||||
| Dewey Decimal Classification | PHARMACY | SGT FA-FP Library | SGT FA-FP Library | Text Book | 23/07/2016 | UNIVERSAL BOOK | 300.00 | SGTU | 156 | 1 | 615.190 O16S | FP1893 | 17/02/2018 | 17/02/2018 | 15/07/2016 | Books | ||||
| Dewey Decimal Classification | PHARMACY | SGT FA-FP Library | SGT FA-FP Library | Text Book | 23/07/2016 | UNIVERSAL BOOK | 300.00 | SGTU | 156 | 2 | 615.190 O16S | FP1894 | 07/05/2018 | 28/03/2018 | 15/07/2016 | Books | ||||
| Dewey Decimal Classification | PHARMACY | SGT FA-FP Library | SGT FA-FP Library | Text Book | 23/07/2016 | UNIVERSAL BOOK | 300.00 | SGTU | 156 | 6 | 615.190 O16S | FP1895 | 19/02/2018 | 17/02/2018 | 15/07/2016 | Books |